00813nam a2200229 a 450000100100000000500170001000800410002702000150006804000250008310000310010824000470013924500540018626000320024030000280027250000340030070000360033470000500037083000240042043000170044495201050046199900170056600003671720200930075907.0120126s1988 sp a 000 0 spa d a0713144769 aDO-SdBNPbspacBNPHU1 aDodson, Margaret E.96302514aThe Management of postoperativelEspañol10aTratamiento postoperatorio /cMargaret E. Dodson. aBarcelona :bSalvat,c1988. a353 p. :bil. ;c22 cm. aTraducido del idioma inglés1 aMauri Mas, Assumptaetr.9630261 aPuerta López-Cozar, José Luisetr.963027 0aAnestesian89630281 aAnestesiav8 001050718MOaGRbGRcCTd2012-01-26iLF1l0o p36717-10r2020-06-25w2020-06-25y1ZNo se presta c36208d36208